Quiz o Togo - Statystyki

Ogólne statystyki
  • Ten quiz został rozwiązany 772 razy
  • Średni wynik to 11 z 17
Statystyki odpowiedzi
Wskazówka Odpowiedź % Poprawnych
Państwo, które przejęło kontrolę nad Togo po powyższym państwie Francja
92%
Państwa graniczące Benin
91%
Język urzędowy francuski
91%
Państwa graniczące Ghana
91%
Państwa graniczące Burkina Faso
88%
Państwo, które skolonizowało Togo w latach 1884–1916 Niemcy
79%
Zatoka granicząca z Togo Zatoka {Gwinejska}
78%
Stolica Lomé
75%
Stolica innego państwa oddalona o 172 km na zachód od stolicy Togo Akra
71%
Największe jezioro w Togo Jezioro {Togo}
61%
Ziarno, które stanowi ponad 20% eksportu Togo Kakao
60%
Historyczny obszar obejmujący wybrzeże Togo, nazwany tak od okrutnego handlu Wybrzeże {Niewolnicze}
54%
Togo ma czwarte co do wielkości rezerwy fosforanów na świecie, które są zwykle wykorzystywane do produkcji _____ Nawozów
38%
Kolonialna nazwa Togo Togo{land}
36%
Spośród krajów afrykańskich, Togo ma najwyższy odsetek ludności wyznającej tego typu religię (wskazówka: kończy się na "izm") Animizm
32%
Najdłuższa rzeka Mono
24%
Togo jest piątym co do wielkości producentem tej afrykańskiej rośliny spożywczej na świecie Pochrzyn
21%
Nie znaleziono quizów pasujących do podanych kryteriów
Rozkład punktacji
Procent ludzi z każdym wynikiem
Percentyl według liczby udzielonych odpowiedzi
Twoja historia wyników
Nie rozwiązałeś tego quizu